Y Scrabble Words 8 and Under - Statistics

General Stats
  • This quiz has been taken 28 times
  • The average score is 80 of 270
Answer Stats
Answer % Correct
Ya
100%
Ye
96%
Yen
91%
Yin
91%
Yo
91%
You
91%
Yea
87%
Year
87%
Your
87%
Yack
83%
Yak
83%
Yap
83%
Yeah
83%
Yell
83%
Yellow
83%
Yes
83%
Young
83%
Yacht
78%
Yag
78%
Yah
78%
Yam
78%
Yar
78%
Yean
78%
Yon
78%
Youth
78%
Yaw
74%
Yeast
74%
Yet
74%
Younger
74%
Yang
70%
Yester
70%
Yew
70%
Yod
70%
Yom
70%
Yours
70%
Yum
70%
Yearn
65%
Yep
65%
Yip
65%
Yolk
65%
Yard
61%
Yarn
61%
Yay
61%
Yearly
61%
Yeuk
61%
Yield
61%
Yob
61%
Yock
61%
Yoghurt
61%
Yogurt
61%
Yok
61%
Yuck
61%
Yuk
61%
Yummy
61%
Yup
61%
Yurt
61%
Yeller
57%
Yucky
57%
Yukky
57%
Yachter
52%
Yakker
52%
Yappy
52%
Yoga
52%
Yogi
52%
Yond
52%
Yow
52%
Yank
48%
Yawn
48%
Yelling
48%
Yelp
48%
Yodel
48%
Yoke
48%
Yonder
48%
Yammer
43%
Yare
43%
Yawl
43%
Yeh
43%
Yippie
43%
Yogh
43%
Yore
43%
Yuppie
43%
Yuppy
43%
Yabbie
39%
Yabby
39%
Yage
39%
Yahoo
39%
Yapper
39%
Yule
39%
Yachtie
35%
Yachting
35%
Yagi
35%
Yarder
35%
Yearning
35%
Yecch
35%
Yech
35%
Yodeler
35%
Yodeller
35%
Yolky
35%
Yourself
35%
Yowl
35%
Yager
30%
Yapping
30%
Yeoman
30%
Yeti
30%
Yielder
30%
Yippee
30%
Yolked
30%
Youse
30%
Youthful
30%
Yttrium
30%
Yabber
26%
Yaff
26%
Yardage
26%
Yarner
26%
Yarrow
26%
Yawner
26%
Yeasty
26%
Yessir
26%
Yill
26%
Yourn
26%
Yowe
26%
Yardman
22%
Yawp
22%
Yearend
22%
Yearner
22%
Yowler
22%
Yucca
22%
Yucch
22%
Yuch
22%
Yachtman
17%
Yald
17%
Yardwork
17%
Yatter
17%
Yaup
17%
Yauper
17%
Yawper
17%
Yearling
17%
Yearlong
17%
Yegg
17%
Yeld
17%
Yellowly
17%
Yelper
17%
Yenta
17%
Yeow
17%
Yett
17%
Yeuky
17%
Yobbo
17%
Yobby
17%
Yodle
17%
Yogin
17%
Yoni
17%
Yonker
17%
Yuletide
17%
Yamen
13%
Yarmulke
13%
Yearbook
13%
Yeehaw
13%
Yellowy
13%
Yerk
13%
Yikes
13%
Yobbish
13%
Yodh
13%
Yokel
13%
Yomp
13%
Youngish
13%
Youthen
13%
Yttric
13%
Yuan
13%
Yuca
13%
Yuga
13%
Yuzu
13%
Yaffle
9%
Yaird
9%
Yaje
9%
Yamulka
9%
Yapon
9%
Yardarm
9%
Yarmulka
9%
Yawey
9%
Yawping
9%
Yclept
9%
Yechy
9%
Yeesh
9%
Yelk
9%
Yente
9%
Yeomanly
9%
Yeomanry
9%
Yeshiva
9%
Yessiree
9%
Yipe
9%
Yipes
9%
Yodler
9%
Yogee
9%
Yogic
9%
Yogism
9%
Yolkless
9%
Yonic
9%
Yowie
9%
Yttria
9%
Yuke
9%
Ywis
9%
Yahooism
4%
Yakitori
4%
Yakuza
4%
Yamalka
4%
Yammerer
4%
Yanqui
4%
Yantra
4%
Yapock
4%
Yapok
4%
Yarak
4%
Yardbird
4%
Yardland
4%
Yardwand
4%
Yarely
4%
Yarmelke
4%
Yashmac
4%
Yashmak
4%
Yasmak
4%
Yatagan
4%
Yataghan
4%
Yaud
4%
Yauld
4%
Yaupon
4%
Yawmeter
4%
Yclad
4%
Ycleped
4%
Yealing
4%
Yeelin
4%
Yeggman
4%
Yeshivah
4%
Yessum
4%
Yestern
4%
Yestreen
4%
Yird
4%
Yirr
4%
Yirth
4%
Ylem
4%
Yobbery
4%
Yoghourt
4%
Yogini
4%
Yogourt
4%
Yoicks
4%
Yokelish
4%
Yokemate
4%
Yonks
4%
Yoof
4%
Younker
4%
Youpon
4%
Yowza
4%
Yperite
4%
Ytterbic
4%
Yukata
4%
Yupon
4%
Yuppify
4%
Yuppydom
4%
Yutz
4%
Yahrzeit
0%
Yamun
0%
Yautia
0%
Yeanling
0%
Yeasayer
0%
Yeastily
0%
Yerba
0%
Yince
0%
Yohimbe
0%
Yokeless
0%
Yokozuna
0%
Ytterbia
0%
Yulan
0%
No matching quizzes found
Score Distribution
Percent of People with Each Score
Percentile by Number Answered
Your Score History
You have not taken this quiz